Životné minimum ako nástroj riešenia sociálno-ekonomickej situácie domácností v SR
Problémy zabezpečovania a uspokojovania si základných životných podmienok občanov a domácností v procese transformácie ekonomiky. Sociálna politika štátu pri riešení zložitej sociálno-ekonomickej situácie občanov a domácností. Zmeny v zákonnej úprave životného minima od 1. 7. 1998 oproti predchádzaj...
Salvato in:
| Autore principale: | |
|---|---|
| Natura: | Capitolo di libro |
| Lingua: | slovacco |
| Soggetti: | |
| Tags: |
Nessun Tag, puoi essere il primo ad aggiungerne!!
|
MARC
| LEADER | 00000naa a2200000 4500 | ||
|---|---|---|---|
| 001 | r034474 | ||
| 005 | 20230809074940.5 | ||
| 041 | 0 | |a slo | |
| 044 | |a SK | ||
| 245 | 1 | 0 | |a Životné minimum ako nástroj riešenia sociálno-ekonomickej situácie domácností v SR |c Jana Filipová |
| 520 | |a Problémy zabezpečovania a uspokojovania si základných životných podmienok občanov a domácností v procese transformácie ekonomiky. Sociálna politika štátu pri riešení zložitej sociálno-ekonomickej situácie občanov a domácností. Zmeny v zákonnej úprave životného minima od 1. 7. 1998 oproti predchádzajúcim predpisom. | ||
| 610 | 2 | 0 | |a minimum existenčné |
| 610 | 2 | 0 | |a situácia sociálna |
| 610 | 2 | 0 | |a domácnosti |
| 610 | 2 | 0 | |a Slovensko |
| 610 | 2 | 0 | |a zisťovanie štatistické |
| 610 | 2 | 0 | |a náklady životné |
| 610 | 2 | 0 | |a potreby obyvateľstva |
| 610 | 2 | 0 | |a potreby životné |
| 100 | 1 | |a Filipová, Jana | |